Computer programming in FORTRAN 77 (Record no. 541764)

000 -LEADER
fixed length control field 00455nam a2200157Ia 4500
020 ## - INTERNATIONAL STANDARD BOOK NUMBER
International Standard Book Number 0876925433
082 ## - DEWEY DECIMAL CLASSIFICATION NUMBER
Classification number 005.262F
Author Mark RAJ
-- MCE L-02 , P-133
100 ## - MAIN ENTRY--PERSONAL NAME
Personal name Rajaraman,G.
9 (RLIN) 36799
245 ## - TITLE STATEMENT
Title Computer programming in FORTRAN 77
260 ## - PUBLICATION, DISTRIBUTION, ETC.
Place of publication, distribution, etc. New Delhi:
Name of publisher, distributor, etc. Prentice Hall,
Date of publication, distribution, etc. 1989
300 ## - PHYSICAL DESCRIPTION
Extent 182p.
Dimensions 26 cm.
526 ## - STUDY PROGRAM INFORMATION NOTE
Program name 0
Interest level 0
Reading level 0
Title point value 005_000000000000000_262F_RAJ
526 ## - STUDY PROGRAM INFORMATION NOTE
Program name 0
Interest level 0
Reading level 0
Title point value 005_000000000000000_262F_RAJ
650 ## - SUBJECT ADDED ENTRY--TOPICAL TERM
Topical term or geographic name entry element MCE
9 (RLIN) 379
942 ## - ADDED ENTRY ELEMENTS (KOHA)
Source of classification or shelving scheme
Koha item type Book
Holdings
Withdrawn status Lost status Source of classification or shelving scheme Damaged status Not for loan Permanent Location Current Location Date acquired Total Checkouts Full call number Barcode Date last seen Price effective from Koha item type
          Military College of Engineering (MCE) Military College of Engineering (MCE) 08/27/2013   005.262F RAJ MCE-25736 08/27/2013 08/27/2013 Book
          Military College of Engineering (MCE) Military College of Engineering (MCE) 08/27/2013   005.262F RAJ MCE-25603 08/27/2013 08/27/2013 Book
© 2023 Central Library, National University of Sciences and Technology. All Rights Reserved.